Códice Azoyú 1 (notice nᵒ 10939)
[ vue normale ]
| 000 -Sello discográfico | |
|---|---|
| campo de control de longitud fija | 01267nam a2200409 4500 |
| 005 - Identificación de versión | |
| campo de control | 20251016083739.0 |
| 010 ## - Número Estándar Internacional de Libros (ISBN) | |
| Número (ISBN) | 968-16-3686-4 |
| 035 ## - Otros números de control del sistema | |
| Número de control del sistema | 2635 |
| 035 ## - Otros números de control del sistema | |
| Número de control del sistema | 33571 |
| 099 ## - fechas locales | |
| Tipo de ítem Koha | LIBRO |
| 100 ## - Datos de procesamiento general | |
| Datos de procesamiento general | 20040303d19931991m y1spay5003 ba |
| 105 ## - Campo de datos codificados: Material textual, monográfico | |
| Datos codificados de monografía | a 001zy |
| 200 1# - Título y mención de responsabilidad | |
| Título propio | Códice Azoyú 1 |
| Designación general del material | texto impreso |
| Otra información del título | el reino de Tlachinollan |
| Primer mención de responsabilidad | Constanza Vega Sosa |
| 205 ## - Declaración de edición | |
| Declaración de edición | 1a reimpr de la 1a ed |
| 210 ## - Publicación, distribución, etc. | |
| Lugar de publicación, distribución, etc. | México |
| Nombre del editor, distribuidor, etc. | Fondo de Cultura Económica |
| Fecha de publicación, distribución, etc. | 1993 |
| 215 ## - Descripción física | |
| Designación de material específico y extensión del ítem | 139 p |
| Otras características físicas | il. |
| Dimensiones | 24 cm |
| Material acompañante | tira |
| 300 ## - Notas generales | |
| Texto de la nota | Facsímiles en tira doblada encuadernada en dos tapas de cartón |
| 318 ## - Nota de acción | |
| Acción | No se presta a domicilio |
| 345 ## - Nota de información de adquisición | |
| Fuente de adquisición/dirección de la suscripción [OBSOLETO] | Donación. Donación 'Salon du Livre 2009' |
| 410 #1 - Series | |
| Título | Sección de Obras de Antropología |
| 606 ## - Término temático usado como materia | |
| Elemento de entrada | Códice Azoyú |
| Número Koha | 17520 |
| 606 ## - Término temático usado como materia | |
| Elemento de entrada | Códices mexicanos |
| Número Koha | 3395 |
| 700 ## - Nombre personal - Responsabilidad primaria | |
| Elemento de entrada | Vega Sosa |
| Parte del nombre distinta del elemento de entrada | Constanza |
| Número Koha | 8092 |
| 801 #0 - Fuente de origen | |
| País | FR |
| Agencia | cm |
| Reglas de catalogación (convenciones descriptivas) | AFNOR |
| 900 ## - | |
| -- | 1/6802 |
| 900 ## - | |
| -- | 7100418565\030304 |
| 942 ## - ELEMENTOS DE ENTRADA SECUNDARIOS (KOHA) | |
| Tipo de ítem Koha | Livre |
| 996 ## - | |
| -- | MEX |
| -- | 751145101 |
| -- | MMAG |
| -- | 001474 |
| -- | F972.01 V422CA |
| -- | 20120124LIV |
| 996 ## - | |
| -- | MEX |
| -- | 751145101 |
| -- | MMAG |
| -- | 001475 |
| -- | F972.01 V422CO |
| -- | 20120124LIV |
| Estatus retirado | Estado de daño | Estado de pérdida | Fecha de adquisición | Biblioteca de origen | Biblioteca actual | Ubicación en estantería | Código de barras | Precio de reemplazo | Signatura topográfica completa | No para préstamo | Tipo de ítem Koha | Nota pública | Nota no pública |
|---|---|---|---|---|---|---|---|---|---|---|---|---|---|
| 05/08/2025 | Casa México Paris | Casa México Paris | 001474 | 05/08/2025 | F972.01 V422CA | No se presta a domicilio | Livre | 20120124LIV | 751145101 |